000
00319nam a22001337a 4500
003
SGT
020
_a
9789355213242
082
_a
301.2
_b
S22N
100
_a
NARAHARI, P.
245
_a
SWACHH INDORE: HOW INDORE BECAME THE CLEANEST CITY IN INDIA
260
_b
PRABHAT PAPERBACKS
_c
2022
300
_a
222
942
_2
ddc
_c
BK
999
_c
29422
_d
29422